书目信息 |
| 题名: |
埃及文化教育研究
|
|
| 作者: | 吴旻雁 , 黄超 著 | |
| 分册: | ||
| 出版信息: | 北京 外语教学与研究出版社 2022.10 |
|
| 页数: | 22,288页 | |
| 开本: | 24cm | |
| 丛书名: | “一带一路”国家文化教育大系 | |
| 单 册: | ||
| 中图分类: | G541.1 | |
| 科图分类: | ||
| 主题词: | 教育研究--埃及 | |
| 电子资源: | ||
| ISBN: | 978-7-5213-3978-9 | |
| 000 | 01103nam0 2200289 450 | |
| 001 | 2439998811 | |
| 005 | 20241121110802.28 | |
| 010 | @a978-7-5213-3978-9@b精装@dCNY158.00 | |
| 090 | @aG541.1@bwmy | |
| 096 | @aG541.1@bwmy | |
| 100 | @a20230214d2022 em y0chiy50 ea | |
| 101 | 0 | @achi |
| 102 | @aCN@b110000 | |
| 105 | @aa z 000yy | |
| 200 | 1 | @a埃及文化教育研究@f吴旻雁,黄超著@9ai ji wen hua jiao yu yan jiu |
| 210 | @a北京@c外语教学与研究出版社@d2022.10 | |
| 215 | @a22,288页@c彩图,彩照@d24cm | |
| 225 | 1 | @a“一带一路”国家文化教育大系@f王定华总主编 |
| 300 | @a国家社会科学基金(教育学)重大项目阶段性研究成果 北京外国语大学“双一流”建设标志性项目阶段性研究成果 | |
| 330 | @a本书从不同方面、不同维度论述埃及教育的发展历史、现行体系、教育政策、发展战略、相关法规、治理模式与师资队伍等,为读者了解埃及的文化教育概貌提供窗口和视角。 | |
| 503 | @n河南城建学院图书馆 | |
| 606 | 0 | @a教育研究@y埃及 |
| 690 | @aG541.1@v5 | |
| 701 | 0 | @a吴旻雁@4著@9wu min yan |
| 701 | 0 | @a黄超@c(阿拉伯语,@f1989~)@4著@9huang chao |
| 801 | 0 | @aCN@bMuseLib.NET@c20230214 |
| 905 | @aZUCC@dG541.1@eW838 | |
| 埃及文化教育研究/吴旻雁,黄超著.-北京:外语教学与研究出版社,2022.10 |
| 22,288页:彩图,彩照;24cm.-(“一带一路”国家文化教育大系/王定华总主编) |
| 国家社会科学基金(教育学)重大项目阶段性研究成果 北京外国语大学“双一流”建设标志性项目阶段性研究成果 |
| ISBN 978-7-5213-3978-9(精装):CNY158.00 |
| 本书从不同方面、不同维度论述埃及教育的发展历史、现行体系、教育政策、发展战略、相关法规、治理模式与师资队伍等,为读者了解埃及的文化教育概貌提供窗口和视角。 |
| ● |
| 相关链接 |
|
|
|
正题名:埃及文化教育研究
索取号:G541.1/W838
 
预约/预借
| 序号 | 登录号 | 条形码 | 馆藏地/架位号 | 状态 | 备注 |
| 1 | 1554140 | 215541402 | 外国语学院资料室/ [索取号:G541.1/W838] | 在馆 |